000 02455cam a2200649 4500
001 22361
003 VRT
005 20260326153617.0
008 210624s2018 xo oa grf 001 0 slo
015 _aSNBA2019/02
020 _a9788080972523
_q(viazané)
035 _aBF286B51-8C8D-472C-979D-AD563EC3153F
035 _aurn:nbn:sk:snk-am3icwt
035 _aurn:nbn:sk:snk-am00e3t7
039 9 _a202106241113
_bVLOAD
_c202101050919
_dVLOAD
_c201902140807
_dmsnk159
_c201902041411
_dmsnk04
040 _aSVKBB
_bslo
_cSVKBB
_dSNK
_erda
041 1 _aslo
_hger
044 _axo
_cSK
072 7 _a613
_xHygiena. Ľudské zdravie
_2konspekt
080 _a613
_22011
080 _a616.1/.9
_22011
080 _a616-07
_22011
080 _a616-08
_22011
080 _a(035)
_22011
100 1 _aRößinger, Monika
_4aut
240 1 0 _aWegweiser für die Gesundheit
_lSlovensky
245 1 0 _aDomáci zdravotný poradca
_bod príznakov po liečbu: čo by ste mali vedieť a čo môžete urobiť sami
_cautorka textu: Monika Rösinger ; z nemeckého originálu Wegweiser für die Gesundheit preložila Alexandra Stelter
246 1 _iObálkový podnázov:
_aVyše 130 ochorení - od príznakov po liečbu
250 _aPrvé vydanie
264 1 _aBratislava
_bTarsago Slovensko
_c2018
300 _a320 strán
_bfotografie, ilustrácie
_c29 cm
336 _atext
_btxt
_2rdacontent
337 _abez média
_bn
_2rdamedia
338 _azväzok
_bnc
_2rdacarrier
490 1 _aReader's Digest
504 _aObsahuje register na strane 312-319
610 2 7 _aReader's Digest Výber
_2SNKKA
650 0 7 _astarostlivosť o zdravie
_2SNKPH
650 0 7 _aHealth care
_2SNKPHeng
650 0 7 _achoroby
_2SNKPH
650 0 7 _aDiseases
_2SNKPHeng
650 0 7 _adiagnostika (medicína)
_2SNKPH
650 0 7 _aMedical diagnostics
_2SNKPHeng
650 0 7 _aterapia
_2SNKPH
650 0 7 _aTherapy
_2SNKPHeng
655 7 _apríručky
_2SNKPH
655 7 _aHandbooks, manuals, etc.
_2SNKPHeng
700 1 _aStelter, Alexandra
_4trl
830 0 _aReader's Digest
942 _2ddc
_cOLDO
_n0
949 _6273K0641802
_asvkpoC 59691
_bsvkpo633814
949 _6270001000600089
_asvkbbC 63500
_bsvkbbm 781111
949 _62889344324
_asavukPV 27495
_bsavuk2019/164
949 _617A1354015
_asnkSB 93728
_bsnk2019/3192
_o2778/18
_s6100:20190218
949 _617A1354016
_asnkSB 93728 D1
_bsnk2019/3194
_o2778/18
999 _c22361
_d22361